000 00320nam a22001337a 4500
020 _a9780071203791
040 _cNust
082 _a005.133
_bGOT
100 _aBryon S. Gottfried
_9125121
245 _aVisual basics
260 _aNew York :
_bMcGraw-Hill,
_c2002.
650 _aVisual basics
_9125122
942 _2ddc
_cBK
999 _c610894
_d610894